Warisan kraftangan Melaka yang kian dilupakan = Endangered crafts of Melaka

Bibliographic Details
Format: Book
Published: Melaka : Perbadana Muzium Melaka , 2002
Subjects:

MARC

LEADER 00000cam a2200000 7i4500
001 0000036634
005 20130625.0
008 130625
020 |a 9839947338 
090 0 0 |a 915.95118   |b WAR 
245 1 0 |a Warisan kraftangan Melaka yang kian dilupakan = Endangered crafts of Melaka 
260 |a Melaka :   |b Perbadana Muzium Melaka ,   |c 2002 
650 0 |a Crafts   |z Melaka 
650 0 |a History   |z Melaka 
999 |a 0001227508   |b Book   |c Adult Collection   |e Cawangan Kota Tinggi 
999 |a 0001227509   |b Book   |c Adult Collection   |e Cawangan Kota Tinggi